| 000 | 00886namaa2200289 a 4500 | ||
|---|---|---|---|
| 001 | vtls000932235 | ||
| 003 | NLI | ||
| 005 | 20210627085725.0 | ||
| 008 | 110929s1988 enka e 001 0 eng | ||
| 020 | _a1871745020 | ||
| 039 | 9 |
_y201109292022 _zEntertech_02 |
|
| 040 |
_aNLI _beng _cEntertech-2011 _eAACR2 |
||
| 041 | 0 | _aeng | |
| 044 | _aenk | ||
| 082 | 0 | 4 | _a030 |
| 245 | 0 | 0 |
_aNew discovery encyclopedia / _cedited John Paton |
| 260 |
_aLondon : _bRainbow Books, _c1988 |
||
| 300 |
_a415 p. : _bill. (some col.) ; _c26 cm. |
||
| 500 | _aA concise family reference book with more than 2500 articles and hundreds of color illustrations | ||
| 500 | _aIncludes index | ||
| 650 | 0 |
_aEncyclopedias _9813927 |
|
| 700 | 1 |
_aPaton, John, _d1914- _4edt _9871865 |
|
| 887 | _a | ||
| 901 |
_a514725 _b22.7.1991 |
||
| 902 | _aR.R.030 N 42 j | ||
| 999 |
_aVIRTUA _c752811 _d752811 |
||
| 942 |
_2ddc _cBKS |
||